LEADER 01144nam--2200373---450- 001 990005797520203316 005 20130118110630.0 010 $a978-88-217-3907 035 $a000579752 035 $aUSA01000579752 035 $a(ALEPH)000579752USA01 035 $a000579752 100 $a20130118d2012----km-y0itay50------ba 101 $aita 102 $aIT 105 $a||||||||001yy 200 1 $aApprendistato e tirocini$fMaria Rosaria Gheido, Alfredo Casotti 210 $a[Milanofiori, Assago]$cIPSOA$d2012 215 $a198 p.$d24 cm 225 2 $aDiritto & pratica del lavoro$iOro$v2 410 0$12001$aDiritto & pratica del lavoro$iOro$a2 606 0 $aApprendistato$xLegislazione$2BNCF 676 $a344.450125922 700 1$aGHEIDO,$bMaria Rosaria$0150596 701 1$aCASOTTI,$bAlfredo$0150595 801 0$aIT$bsalbc$gISBD 912 $a990005797520203316 951 $aXXV.2.C. 530$b74933 G.$cXXV.2.C.$d00318483 959 $aBK 969 $aGIU 979 $aFIORELLA$b90$c20130118$lUSA01$h1054 979 $aFIORELLA$b90$c20130118$lUSA01$h1106 996 $aApprendistato e tirocini$91080486 997 $aUNISA LEADER 01188nam a2200265 i 4500 001 991000500159707536 008 041020s1986 nyua b 001 0 eng d 020 $a0471010669 035 $ab13230128-39ule_inst 040 $aDip.to Beni Arti e Storia$bita 082 00$a543/.08583$219 100 1 $aNakamoto, Kazuo,$d1922-$023085 245 10$aInfrared and Raman spectra of inorganic and coordination compounds /$cKazuo Nakamoto. 250 $a4th ed. 260 $aNew York :$bWiley,$cc1986. 300 $a2 v. :$bill. ;$c24 cm. 504 $aContiene bibliografia e indice 650 4$aSpettroscopia a infrarossi 907 $a.b13230128$b21-09-06$c20-10-04 912 $a991000500159707536 945 $aLE019 A21 AR D 30 (presso lo studio del prof. De Benedetto)$cV. 1.$g1$i2019000019576$lle019$op$pE0.00$q-$rl$s- $t0$u0$v0$w0$x0$y.i13902325$z20-10-04 945 $aLE019 A21 AR D 31 (presso lo studio del prof. De Benedetto)$cV. 2.$g1$i2019000019569$lle019$op$pE0.00$q-$rl$s- $t0$u0$v0$w0$x0$y.i13902337$z20-10-04 996 $aInfrared and Raman spectra of inorganic and coordination compounds$9328194 997 $aUNISALENTO 998 $ale019$b20-10-04$cm$da $e-$feng$gnyu$h0$i0